000 00358 a2200109 4500
001 ART_8021
005 20260410161832.0
008 260409a
245 1 0 _aActualidad financiera y cambiaria. Un caso típico de exportación
100 1 _aSun, Ramón F.
773 0 _tContabilidad y administración
_g- Año 2, Nº 14 (ago. 1978)
_wREV5485
999 _c23339
_d23339